Statistics for Russia Euro 2020 Squad

Click here to take the quiz!

General Stats

  • This quiz has been taken 220 times
    (215 since last reset)
  • The average score is 8 of 27

Answer Stats

#PositionPlayer% Correct
22FW ©Artem Dzyuba
87%
17MFAleksandr Golovin
75%
2DFMário Fernandes
72%
15MFAleksei Miranchuk
54%
6MFDenis Cheryshev
52%
ManagerStanislav Cherchesov
38%
18MFYuri Zhirkov
35%
1GKAnton Shunin
33%
16GKMatvei Safonov
33%
11MFRoman Zobnin
30%
14DFGeorgi Dzhikiya
29%
13DFFyodor Kudryashov
22%
9FWAleksandr Sobolev
21%
20MFAleksei Ionov
19%
10FWAnton Zabolotny
19%
8MFDmitri Barinov
19%
7MFMagomed Ozdoyev
19%
4DFVyacheslav Karavayev
18%
23MFDaler Kuzyayev
17%
12GKYury Dyupin
17%
19MFRifat Zhemaletdinov
16%
5DFAndrei Semyonov
15%
25FWDenis Makarov
15%
21MFDaniil Fomin
14%
26MFMaksim Mukhin
13%
3DFIgor Diveyev
12%
24MFAndrei Mostovoy
10%

Score Distribution

Percentile by Number Answered

Percent of People with Each Score

Your Score History

You have not taken this quiz since the last reset